| 000 | 00918nam a2200217Ia 4500 | ||
|---|---|---|---|
| 001 | 1246 | ||
| 003 | GE_BSU | ||
| 008 | 181216s||||||||xx |||||||||||||| ||und|| | ||
| 040 | _cGE_BSU | ||
| 080 | _a631.8 | ||
| 245 | _aაგროქიმია.ნიადაგისა და სასუქის ანალიზი. | ||
| 245 | _bმეთოდური მითითება ლაბორატორიული სამუშაოების შესასრულებლად სტუდენტებისათვის. | ||
| 260 | _aთბილისი. | ||
| 260 | _bსასოფლო სამეურნეო ინსტიტუტი. | ||
| 260 | _c1986 | ||
| 300 | _a54გვ.19სმ. | ||
| 541 | _h3 ლ. | ||
| 653 | _aაგროქიმია. | ||
| 653 | _aნიადაგისა და სასუქის ანალიზი. | ||
| 942 | _cBK | ||
| 999 |
_c35393 _d35393 |
||